| 000 | 01125nam1a2200277 i 4500 | ||
|---|---|---|---|
| 001 | RU\NLR\bibl\1223397 | ||
| 005 | 20241101180320.0 | ||
| 035 | _a(NLR Aleph) 001209725 | ||
| 090 |
_a70468 _c70468 |
||
| 100 | _a20080506g20079999u y0rusy50 ca | ||
| 101 | 0 | _arus | |
| 102 | _aRU | ||
| 105 | _a||||z ||||| | ||
| 200 | 1 |
_aПланктология _eкурс лекций _fА.П. Садчиков _gМГУ им. М.В. Ломоносова, Биол. фак. МГУ, Каф. гидробиологии, Междунар. биотехн. центр МГУ, Секция биотехнологии МОИП |
|
| 210 |
_aМосква _cМакс-Пресс _d2007 |
||
| 215 | _d20 | ||
| 463 | 0 | _10011195264 | |
| 606 |
_aПланктон _jУчебные издания для высших учебных заведений _9917557 _3RU\NLR\auth\6616695 |
||
| 686 | _aЕ082.31я73 | ||
| 700 | 1 |
_aСадчиков _bА. П. _gАнатолий Павлович _4070 |
|
| 801 | 0 |
_aRU _bNLR _c20080506 _gRCR |
|
| 801 | 1 |
_aRU _bNLR _c20080506 |
|
| 830 | _aАвт. по кн. | ||
| 852 |
_aNLR _j2008-3/6028 |
||
| 942 | _cBOOK | ||